Love me tomorrow / (Record no. 129579)

MARC details
000 -LEADER
fixed length control field 01219aam a2200373 i 4500
001 - CONTROL NUMBER
control field 1523189849
003 - CONTROL NUMBER IDENTIFIER
control field Ingram
005 - DATE AND TIME OF LATEST TRANSACTION
control field 20260401123631.0
007 - PHYSICAL DESCRIPTION FIXED FIELD--GENERAL INFORMATION
fixed length control field t|
008 - FIXED-LENGTH DATA ELEMENTS--GENERAL INFORMATION
fixed length control field 251114s2026 nyu d 000 1 eng d
010 ## - LIBRARY OF CONGRESS CONTROL NUMBER
LC control number 2025013612
020 ## - INTERNATIONAL STANDARD BOOK NUMBER
International Standard Book Number 9781665974370
Qualifying information hardcover
035 ## - SYSTEM CONTROL NUMBER
System control number (OCoLC)1523189849
040 ## - CATALOGING SOURCE
Original cataloging agency TnLvILS
Language of cataloging eng
Description conventions rda
Transcribing agency TnLvILS
Modifying agency TnLvILS
100 1# - MAIN ENTRY--PERSONAL NAME
Personal name Jean, Emiko,
Relator term author.
Relator code aut.
9 (RLIN) 38528
245 10 - TITLE STATEMENT
Title Love me tomorrow /
Statement of responsibility, etc Emiko Jean.
250 ## - EDITION STATEMENT
Edition statement First edition.
300 ## - PHYSICAL DESCRIPTION
Extent 346 pages ;
Dimensions 22 cm.
490 0# - SERIES STATEMENT
Series statement Love me tomorrow.
500 ## - GENERAL NOTE
General note "A novel"--Jacket.
520 ## - SUMMARY, ETC.
Summary, etc When seventeen-year-old Emma wishes for proof that love is real, she starts receiving letters from her true love in the future and attempts to uncover the identity of the sender in the past.
521 1# - TARGET AUDIENCE NOTE
Target audience note 13-17.
521 2# - TARGET AUDIENCE NOTE
Target audience note 08-12.
650 #0 - SUBJECT ADDED ENTRY--TOPICAL TERM
Topical term or geographic name as entry element Time travel
Form subdivision Juvenile fiction.
9 (RLIN) 386
650 #0 - SUBJECT ADDED ENTRY--TOPICAL TERM
Topical term or geographic name as entry element Letters
Form subdivision Juvenile fiction.
650 #0 - SUBJECT ADDED ENTRY--TOPICAL TERM
Topical term or geographic name as entry element Love
Form subdivision Juvenile fiction.
9 (RLIN) 22109
650 #1 - SUBJECT ADDED ENTRY--TOPICAL TERM
Topical term or geographic name as entry element Love
Form subdivision Fiction.
650 #1 - SUBJECT ADDED ENTRY--TOPICAL TERM
Topical term or geographic name as entry element Letters
Form subdivision Fiction.
650 #1 - SUBJECT ADDED ENTRY--TOPICAL TERM
Topical term or geographic name as entry element Time travel
Form subdivision Fiction.
655 #7 - INDEX TERM--GENRE/FORM
Genre/form data or focus term Romance fiction.
Source of term lcgft.
655 #7 - INDEX TERM--GENRE/FORM
Genre/form data or focus term Science fiction.
Source of term lcgft.
907 ## - LOCAL DATA ELEMENT G, LDG (RLIN)
a .b514928323
942 ## - ADDED ENTRY ELEMENTS (KOHA)
Source of classification or shelving scheme Dewey Decimal Classification
Koha item type Book
Holdings
Withdrawn status Lost status Source of classification or shelving scheme Damaged status Not for loan Home library Current library Shelving location Date acquired Total Checkouts Full call number Barcode Checked out Date last seen Date checked out Cost, replacement price Price effective from Koha item type
  Available Dewey Decimal Classification     Martha's Vineyard High School Library Martha's Vineyard High School Library ROMANCE 04/01/2026 1 FIC/JEA 39844500071316 04/23/2026 04/02/2026 04/02/2026 28.00 04/01/2026 Book